00527nam a2200193 a 450000100060000000300080000600500170001400800410003103500190007203500180009104000250010904100080013408200250014210000210016724500580018826000350024630000370028165000150031842403BD-RjUL20211209053533.0160612s1959 xx 000 0 eng  a(BD-RjUL)42521 a(OCoLC)168844 aDLCcODaWUdDLCbeng aeng 223 a330 bBRE 1959 1 aBrandis, Royall.10aEconomics: principles and policy / cRoyall Brandis  aHomewood :bR.D. Irwin,c1959. axvii, 340 p. :bill. ; c24 cm.  0aEconomics.